<?xml version="1.0" encoding="UTF-8"?>
<record
    xmlns:xsi="http://www.w3.org/2001/XMLSchema-instance"
    xsi:schemaLocation="http://www.loc.gov/MARC21/slim http://www.loc.gov/standards/marcxml/schema/MARC21slim.xsd"
    xmlns="http://www.loc.gov/MARC21/slim">

  <leader>00538nam a22001697a 4500</leader>
  <controlfield tag="008">150605b2010    xxu||||| |||| 00| 0 eng d</controlfield>
  <datafield tag="020" ind1=" " ind2=" ">
    <subfield code="a">978-0567032935</subfield>
  </datafield>
  <datafield tag="050" ind1=" " ind2=" ">
    <subfield code="a">BX 8331.3</subfield>
    <subfield code="b">.Y9 2010</subfield>
  </datafield>
  <datafield tag="100" ind1=" " ind2=" ">
    <subfield code="a">Yrigoyen Charles</subfield>
  </datafield>
  <datafield tag="245" ind1=" " ind2=" ">
    <subfield code="a">T &amp; T Clark companion to Methodism</subfield>
    <subfield code="c">Charles, Yrigoyen - ed.</subfield>
  </datafield>
  <datafield tag="260" ind1=" " ind2=" ">
    <subfield code="a">London</subfield>
    <subfield code="b">T &amp; T Clark International</subfield>
    <subfield code="c">2010</subfield>
  </datafield>
  <datafield tag="300" ind1=" " ind2=" ">
    <subfield code="a">602 p.</subfield>
    <subfield code="b">ill.</subfield>
    <subfield code="c">24 cm</subfield>
  </datafield>
  <datafield tag="440" ind1=" " ind2=" ">
    <subfield code="a">T &amp; T Clark Companions</subfield>
  </datafield>
  <datafield tag="521" ind1=" " ind2=" ">
    <subfield code="a">Includes bibliographical references and index.</subfield>
  </datafield>
  <datafield tag="650" ind1=" " ind2=" ">
    <subfield code="a">Theology</subfield>
    <subfield code="x">Methodism</subfield>
  </datafield>
  <datafield tag="942" ind1=" " ind2=" ">
    <subfield code="c">BK</subfield>
    <subfield code="2">lcc</subfield>
  </datafield>
  <datafield tag="999" ind1=" " ind2=" ">
    <subfield code="c">28933</subfield>
    <subfield code="d">28933</subfield>
  </datafield>
  <datafield tag="952" ind1=" " ind2=" ">
    <subfield code="0">0</subfield>
    <subfield code="1">0</subfield>
    <subfield code="2">lcc</subfield>
    <subfield code="4">0</subfield>
    <subfield code="7">0</subfield>
    <subfield code="8">NFIC</subfield>
    <subfield code="a">PUEA</subfield>
    <subfield code="b">PUEA</subfield>
    <subfield code="c">GEN</subfield>
    <subfield code="d">2015-06-05</subfield>
    <subfield code="e">Book Aid</subfield>
    <subfield code="i">2015-9464</subfield>
    <subfield code="l">0</subfield>
    <subfield code="o">BX 8331.3 .Y9 2010</subfield>
    <subfield code="p">2015-1457</subfield>
    <subfield code="r">2015-06-05 00:00:00</subfield>
    <subfield code="t">C2</subfield>
    <subfield code="w">2015-06-05</subfield>
    <subfield code="y">BK</subfield>
  </datafield>
  <datafield tag="952" ind1=" " ind2=" ">
    <subfield code="0">0</subfield>
    <subfield code="1">0</subfield>
    <subfield code="2">lcc</subfield>
    <subfield code="4">0</subfield>
    <subfield code="7">0</subfield>
    <subfield code="8">NFIC</subfield>
    <subfield code="a">PUEA</subfield>
    <subfield code="b">PUEA</subfield>
    <subfield code="c">GEN</subfield>
    <subfield code="d">2015-06-05</subfield>
    <subfield code="e">Book Aid</subfield>
    <subfield code="i">2015-9465</subfield>
    <subfield code="l">0</subfield>
    <subfield code="o">BX 8331.3 .Y9 2010</subfield>
    <subfield code="p">2015-1458</subfield>
    <subfield code="r">2015-06-05 00:00:00</subfield>
    <subfield code="t">C3</subfield>
    <subfield code="w">2015-06-05</subfield>
    <subfield code="y">BK</subfield>
  </datafield>
  <datafield tag="952" ind1=" " ind2=" ">
    <subfield code="0">0</subfield>
    <subfield code="1">0</subfield>
    <subfield code="2">lcc</subfield>
    <subfield code="4">0</subfield>
    <subfield code="7">0</subfield>
    <subfield code="8">NFIC</subfield>
    <subfield code="a">PUEA</subfield>
    <subfield code="b">PUEA</subfield>
    <subfield code="c">GEN</subfield>
    <subfield code="d">2015-06-05</subfield>
    <subfield code="e">Book Aid</subfield>
    <subfield code="i">2015-9466</subfield>
    <subfield code="l">0</subfield>
    <subfield code="o">BX 8331.3 .Y9 2010</subfield>
    <subfield code="p">2015-1459</subfield>
    <subfield code="r">2015-06-05 00:00:00</subfield>
    <subfield code="t">C4</subfield>
    <subfield code="w">2015-06-05</subfield>
    <subfield code="y">BK</subfield>
  </datafield>
  <datafield tag="952" ind1=" " ind2=" ">
    <subfield code="0">0</subfield>
    <subfield code="1">0</subfield>
    <subfield code="2">lcc</subfield>
    <subfield code="4">0</subfield>
    <subfield code="7">0</subfield>
    <subfield code="8">NFIC</subfield>
    <subfield code="a">PUEA</subfield>
    <subfield code="b">PUEA</subfield>
    <subfield code="c">GEN</subfield>
    <subfield code="d">2015-06-05</subfield>
    <subfield code="e">Book Aid</subfield>
    <subfield code="i">2015-9467</subfield>
    <subfield code="l">0</subfield>
    <subfield code="o">BX 8331.3 .Y9 2010</subfield>
    <subfield code="p">2015-1460</subfield>
    <subfield code="r">2015-06-05 00:00:00</subfield>
    <subfield code="t">C5</subfield>
    <subfield code="w">2015-06-05</subfield>
    <subfield code="y">BK</subfield>
  </datafield>
  <datafield tag="952" ind1=" " ind2=" ">
    <subfield code="0">0</subfield>
    <subfield code="1">0</subfield>
    <subfield code="2">lcc</subfield>
    <subfield code="4">0</subfield>
    <subfield code="7">0</subfield>
    <subfield code="8">NFIC</subfield>
    <subfield code="a">PUEA</subfield>
    <subfield code="b">PUEA</subfield>
    <subfield code="c">GEN</subfield>
    <subfield code="d">2015-06-05</subfield>
    <subfield code="e">Book Aid</subfield>
    <subfield code="i">2015-9468</subfield>
    <subfield code="l">0</subfield>
    <subfield code="o">BX 8331.3 .Y9 2010</subfield>
    <subfield code="p">2015-1461</subfield>
    <subfield code="r">2015-06-05 00:00:00</subfield>
    <subfield code="t">C6</subfield>
    <subfield code="w">2015-06-05</subfield>
    <subfield code="y">BK</subfield>
  </datafield>
  <datafield tag="952" ind1=" " ind2=" ">
    <subfield code="0">0</subfield>
    <subfield code="1">0</subfield>
    <subfield code="2">lcc</subfield>
    <subfield code="4">0</subfield>
    <subfield code="7">0</subfield>
    <subfield code="8">NFIC</subfield>
    <subfield code="a">PUEA</subfield>
    <subfield code="b">PUEA</subfield>
    <subfield code="c">GEN</subfield>
    <subfield code="d">2015-06-05</subfield>
    <subfield code="e">Book Aid</subfield>
    <subfield code="i">2015-9469</subfield>
    <subfield code="l">0</subfield>
    <subfield code="o">BX 8331.3 .Y9 2010</subfield>
    <subfield code="p">2015-1462</subfield>
    <subfield code="r">2015-06-05 00:00:00</subfield>
    <subfield code="t">C7</subfield>
    <subfield code="w">2015-06-05</subfield>
    <subfield code="y">BK</subfield>
  </datafield>
  <datafield tag="952" ind1=" " ind2=" ">
    <subfield code="0">0</subfield>
    <subfield code="1">0</subfield>
    <subfield code="2">lcc</subfield>
    <subfield code="4">0</subfield>
    <subfield code="7">0</subfield>
    <subfield code="8">NFIC</subfield>
    <subfield code="a">PUEA</subfield>
    <subfield code="b">PUEA</subfield>
    <subfield code="c">GEN</subfield>
    <subfield code="d">2015-06-05</subfield>
    <subfield code="e">Book Aid</subfield>
    <subfield code="i">2015-9470</subfield>
    <subfield code="l">0</subfield>
    <subfield code="o">BX 8331.3 .Y9 2010</subfield>
    <subfield code="p">2015-1463</subfield>
    <subfield code="r">2015-06-05 00:00:00</subfield>
    <subfield code="t">C8</subfield>
    <subfield code="w">2015-06-05</subfield>
    <subfield code="y">BK</subfield>
  </datafield>
  <datafield tag="952" ind1=" " ind2=" ">
    <subfield code="0">0</subfield>
    <subfield code="1">0</subfield>
    <subfield code="2">lcc</subfield>
    <subfield code="4">0</subfield>
    <subfield code="7">0</subfield>
    <subfield code="8">NFIC</subfield>
    <subfield code="a">PUEA</subfield>
    <subfield code="b">PUEA</subfield>
    <subfield code="c">GEN</subfield>
    <subfield code="d">2015-06-05</subfield>
    <subfield code="e">Book Aid</subfield>
    <subfield code="i">2015-9471</subfield>
    <subfield code="l">0</subfield>
    <subfield code="o">BX 8331.3 .Y9 2010</subfield>
    <subfield code="p">2015-1464</subfield>
    <subfield code="r">2015-06-05 00:00:00</subfield>
    <subfield code="t">C1</subfield>
    <subfield code="w">2015-06-05</subfield>
    <subfield code="y">BK</subfield>
  </datafield>
  <datafield tag="952" ind1=" " ind2=" ">
    <subfield code="0">0</subfield>
    <subfield code="1">0</subfield>
    <subfield code="2">lcc</subfield>
    <subfield code="4">0</subfield>
    <subfield code="7">0</subfield>
    <subfield code="8">NFIC</subfield>
    <subfield code="a">PUEA</subfield>
    <subfield code="b">PUEA</subfield>
    <subfield code="c">GEN</subfield>
    <subfield code="d">2015-06-19</subfield>
    <subfield code="e">Books Aid</subfield>
    <subfield code="g">3600.00</subfield>
    <subfield code="i">2015-9583</subfield>
    <subfield code="l">0</subfield>
    <subfield code="o">BX 8331.3 .Y9 2010</subfield>
    <subfield code="p">2015-1576</subfield>
    <subfield code="r">2015-06-19 00:00:00</subfield>
    <subfield code="t">C9</subfield>
    <subfield code="w">2015-06-19</subfield>
    <subfield code="y">BK</subfield>
  </datafield>
  <datafield tag="952" ind1=" " ind2=" ">
    <subfield code="0">0</subfield>
    <subfield code="1">0</subfield>
    <subfield code="2">ddc</subfield>
    <subfield code="4">0</subfield>
    <subfield code="7">0</subfield>
    <subfield code="8">NFIC</subfield>
    <subfield code="a">PUEA</subfield>
    <subfield code="b">PUEA</subfield>
    <subfield code="c">GEN</subfield>
    <subfield code="d">2015-06-19</subfield>
    <subfield code="e">Books Aid</subfield>
    <subfield code="g">3600.00</subfield>
    <subfield code="i">2015-9584</subfield>
    <subfield code="l">0</subfield>
    <subfield code="o">BX 8331.3 .Y9 2010</subfield>
    <subfield code="p">2015-1577</subfield>
    <subfield code="r">2015-06-19 00:00:00</subfield>
    <subfield code="t">C10</subfield>
    <subfield code="w">2015-06-19</subfield>
    <subfield code="y">BK</subfield>
  </datafield>
</record>
